<The> Prevention ways of unemployment in the European Union countries in the aspect of approaching expansion of its structure

Gespeichert in:
Bibliographische Detailangaben
1. Verfasser: Migala-Warchol, Aldona
Format: Buchkapitel
Sprache:Englisch
Schlagworte:
Tags: Tag hinzufügen
Keine Tags, Fügen Sie das erste Tag hinzu!

MARC

LEADER 00000naa$a2200000$$$4500
001 0014995
005 20221128113032.6
041 0 |a eng 
044 |a SK 
245 1 0 |a <The> Prevention ways of unemployment in the European Union countries in the aspect of approaching expansion of its structure  |c aut. Aldona Migala-Warchol 
610 2 0 |a Európska únia 
610 2 0 |a eurozóna 
610 2 0 |a trh práce 
610 2 0 |a nezamestnanosť 
610 2 0 |a miera nezamestnanosti 
610 2 0 |a integrácia 
100 1 |a Migala-Warchol, Aldona